[Event "I Open Olimpico A"]
[Site "Torino ITA"]
[Date "2005.12.04"]
[Round "2"]
[White "Gallucci, Alessio"]
[Black "Forno, Roberto"]
[Result "1-0"]
[WhiteElo "1742"]
[BlackElo "2026"]
[PlyCount "68"]
[EventDate "2005.12.03"]

1.e4 e5 2.Nf3 Nc6 3.Bc4 Bc5 4.O-O Nf6 5.c3 O-O 6.d4 exd4 7.cxd4 Bb6 8.e5 
Ne4 9.Bd5 Nxf2 10.Rxf2 d6 11.Bg5 Qd7 12.exd6 Qxd6 13.Nc3 Bg4 14.Bxc6 bxc6 
15.Kh1 Qg6 16.Qd2 f6 17.Be3 Rfe8 18.h3 Qh5 19.Ne2 Ba5 20.Nc3 Rad8 21.Kg1 
Be6 22.a3 Bb3 23.Re1 c5 24.Qc1 cxd4 25.Bxd4 c5 26.Rxe8+ Rxe8 27.Be3 Bb6 
28.Re2 Bc4 29.Re1 Ba6 30.Bf2 Rd8 31.Qe3 Bb7 32.Qe6+ Kh8 33.g4 Bd5 34.Nxd5 
Qxd5 1-0

[Event "I Open Olimpico A"]
[Site "Torino ITA"]
[Date "2005.12.04"]
[Round "2"]
[White "Giacometto, Mario"]
[Black "Castaldo, Folco"]
[Result "0-1"]
[WhiteElo "1992"]
[BlackElo "2363"]
[PlyCount "42"]
[EventDate "2005.12.03"]

1.e4 e6 2.d4 d5 3.e5 c5 4.c3 Qb6 5.Nf3 Nc6 6.a3 Nh6 7.b4 cxd4 8.cxd4 Nf5 
9.Be3 Nxe3 10.fxe3 g6 11.Bd3 Bh6 12.Kf2 O-O 13.h4 f6 14.exf6 Rxf6 15.Nc3 
Bd7 16.Qc2 Raf8 17.Na4 Qc7 18.e4 Rxf3+ 19.gxf3 Rxf3+ 20.Kxf3 Nxd4+ 21.Kf2 
Qf4+ 0-1

[Event "I Open Olimpico A"]
[Site "Torino ITA"]
[Date "2005.12.04"]
[Round "2"]
[White "Gussone, Claudio"]
[Black "Vozza, Nicola"]
[Result "1-0"]
[WhiteElo "1885"]
[BlackElo "1994"]
[PlyCount "105"]
[EventDate "2005.12.03"]

1.d4 Nf6 2.c4 g6 3.Nc3 Bg7 4.Nf3 d6 5.g3 O-O 6.Bg2 Nbd7 7.e4 c5 8.d5 a6 9.
O-O Ne8 10.Qd3 Nc7 11.Be3 b5 12.Rab1 bxc4 13.Qxc4 a5 14.Qa4 Nb6 15.Qc2 Ba6
16.Rfe1 Nb5 17.Nxb5 Bxb5 18.b3 Nd7 19.Bf1 Qb6 20.b4 Bxf1 21.bxc5 Qa6 22.
Rxf1 Nxc5 23.Bd4 Bh6 24.Bxc5 Rac8 25.Nd4 Rxc5 26.Qd1 Qc4 27.Re1 Re8 28.a4 
Qa2 29.Re2 Qxb1 30.Qxb1 Rc1+ 31.Qxc1 Bxc1 32.Rc2 Ba3 33.Nc6 Kf8 34.Kf1 e6 
35.dxe6 Rxe6 36.Rc4 Bb4 37.Nxb4 axb4 38.Rxb4 Re5 39.Ke2 f6 40.h4 Ke7 41.
Kd1 Kd7 42.Kc2 f5 43.f3 Kc6 44.Kd3 Rc5 45.Rc4 fxe4+ 46.fxe4 h6 47.g4 g5 
48.hxg5 hxg5 49.a5 Kb5 50.Rxc5+ dxc5 51.e5 Kxa5 52.e6 Kb5 53.e7 1-0

[Event "I Open Olimpico A"]
[Site "Torino ITA"]
[Date "2005.12.04"]
[Round "2"]
[White "Martin, Tiziano"]
[Black "Bjarnason, Oskar"]
[Result "0-1"]
[WhiteElo "2002"]
[BlackElo "2258"]
[PlyCount "86"]
[EventDate "2005.12.03"]

1.e4 d5 2.exd5 Qxd5 3.Nc3 Qa5 4.Nf3 Nf6 5.Be2 g6 6.O-O Bg7 7.d3 O-O 8.Bd2 
c6 9.Re1 Nbd7 10.Bf1 Re8 11.Rb1 Qc7 12.g3 b5 13.Bg2 Bb7 14.a3 a6 15.Bf4 e5
16.Bg5 Nd5 17.Qd2 Nxc3 18.bxc3 Qd6 19.a4 Nc5 20.a5 e4 21.Bf4 Qd8 22.Nd4 
Qxa5 23.dxe4 Rad8 24.Qd3 Na4 25.e5 Qxc3 26.Qxc3 Nxc3 27.Nxc6 Bxc6 28.Bxc6 
Re6 29.Bg5 Rxc6 30.Bxd8 Nxb1 31.Rxb1 Bxe5 32.Re1 f6 33.Re2 Rd6 34.Ba5 g5 
35.Kg2 Rd1 36.h4 gxh4 37.gxh4 Kg7 38.Kf3 Kg6 39.Kg4 h5+ 40.Kf3 Rd4 41.Re4 
Kf5 42.Rxd4 Bxd4 43.Ke2 Kg4 0-1

[Event "I Open Olimpico A"]
[Site "Torino ITA"]
[Date "2005.12.04"]
[Round "2"]
[White "Parodi, Alessandro"]
[Black "Pepino, Enrico"]
[Result "0-1"]
[WhiteElo "1910"]
[BlackElo "2149"]
[PlyCount "138"]
[EventDate "2005.12.03"]

1.d4 Nf6 2.c4 c5 3.d5 e6 4.Nc3 exd5 5.cxd5 g6 6.e4 d6 7.Nf3 Bg7 8.Bg5 O-O 
9.Bc4 a6 10.a4 Re8 11.Qc2 Bg4 12.Nd2 h6 13.Bh4 Qe7 14.f4 g5 15.fxg5 Nh7 
16.O-O hxg5 17.Bg3 Nd7 18.Nf3 Ne5 19.Nxe5 Bxe5 20.Bxe5 Qxe5 21.Qf2 Qd4 22.
Bb3 Nf8 23.Bd1 Bd7 24.Bh5 Re7 25.Rad1 Qxf2+ 26.Rxf2 Nh7 27.Rdf1 Rf8 28.a5 
Kg7 29.h3 f6 30.Be2 Be8 31.g4 Rff7 32.Kg2 Nf8 33.Kg3 Ng6 34.Ra1 Rf8 35.Bd1
Rh8 36.Bc2 Nf4 37.Rh2 Rh4 38.Rah1 Bg6 39.Rf2 Re8 40.Rfh2 Reh8 41.Bb1 Be8 
42.Bc2 Bd7 43.Ba4 Bc8 44.Nd1 Nd3 45.Ne3 Ne5 46.b3 R4h7 47.Nc4 Nxc4 48.bxc4
Kg6 49.Rb1 Re7 50.Bc2 Kf7 51.Rb6 Rd8 52.h4 gxh4+ 53.Rxh4 Re5 54.Rh7+ Kg6 
55.Rbxb7 Bxb7 56.Rxb7 Kg5 57.Ra7 Ree8 58.Rxa6 Ra8 59.Rb6 Rxa5 60.Rb3 Rea8 
61.Rf3 Ra3 62.Bd3 Rc3 63.Be2 Rxf3+ 64.Kxf3 Ra3+ 65.Kf2 Kf4 66.Ke1 Kxe4 67.
Kd2 Ra2+ 68.Ke1 Ke3 69.Bd1 Rh2 0-1

[Event "I Open Olimpico A"]
[Site "Torino ITA"]
[Date "2005.12.04"]
[Round "2"]
[White "Racioppo, Paolo"]
[Black "Fuggetta, Leonardo"]
[Result "1/2-1/2"]
[WhiteElo "2188"]
[BlackElo "2068"]
[PlyCount "96"]
[EventDate "2005.12.03"]

1.f4 d5 2.Nf3 Nf6 3.e3 c5 4.b3 g6 5.Bb2 Bg7 6.Be2 Nc6 7.O-O O-O 8.a4 b6 9.
Na3 Bb7 10.Qe1 d4 11.Qh4 a6 12.Rae1 e6 13.Bd1 Nd5 14.e4 Qxh4 15.Nxh4 Nc7 
16.Nc4 b5 17.Nd6 Rab8 18.Nxb7 Rxb7 19.Ba3 b4 20.Bc1 d3 21.cxd3 Bd4+ 22.Kh1
Rbb8 23.Nf3 Ba1 24.g4 Rbd8 25.Be2 Na5 26.Bd1 Rxd3 27.Bc2 Rdd8 28.d3 Bc3 
29.Re2 Nc6 30.g5 Nd4 31.Nxd4 Bxd4 32.h4 f5 33.Kg2 Kf7 34.Rh1 a5 35.h5 Rh8 
36.Kf3 Na6 37.Reh2 Nb8 38.hxg6+ hxg6 39.Rh7+ Kg8 40.Rxh8+ Bxh8 41.e5 Nc6 
42.Be3 Nd4+ 43.Bxd4 cxd4 44.Ke2 Rc8 45.Kd2 Bg7 46.Rb1 Kf7 47.Rh1 Rh8 48.
Rxh8 Bxh8 1/2-1/2

[Event "I Open Olimpico A"]
[Site "Torino ITA"]
[Date "2005.12.04"]
[Round "2"]
[White "Ranieri, Fabrizio"]
[Black "Astengo, Marcello"]
[Result "1-0"]
[WhiteElo "2247"]
[BlackElo "2077"]
[PlyCount "81"]
[EventDate "2005.12.03"]

1.e4 e6 2.d4 d5 3.Nc3 Nf6 4.Bg5 Bb4 5.e5 h6 6.Bd2 Bxc3 7.bxc3 Ne4 8.Qg4 
Kf8 9.Bd3 Nxd2 10.Kxd2 c5 11.h4 Nc6 12.Nf3 Qa5 13.Rh3 cxd4 14.Ke2 Qxc3 15.
Rg3 Rg8 16.Rd1 b6 17.Kf1 Ke7 18.Kg1 Bd7 19.Bh7 d3 20.Rxd3 Qxc2 21.Bxg8 
Rxg8 22.Nd4 Qc1+ 23.Rd1 Qc5 24.Nxc6+ Bxc6 25.Qf4 Bb5 26.Rc1 Bc4 27.Rxg7 
Rxg7 28.Qf6+ Ke8 29.Qxg7 Qd4 30.Qh8+ Ke7 31.Qxh6 Qxe5 32.a3 b5 33.Qd2 d4 
34.Qa5 Qc5 35.h5 Kf6 36.Qd8+ Kg7 37.Re1 Bd5 38.Qg5+ Kh7 39.Qf6 d3 40.Qxf7+
Kh8 41.Qf6+ 1-0

[Event "I Open Olimpico A"]
[Site "Torino ITA"]
[Date "2005.12.04"]
[Round "2"]
[White "Roversi, Stefano"]
[Black "Sola, Giuseppe"]
[Result "0-1"]
[WhiteElo "1866"]
[BlackElo "1902"]
[PlyCount "76"]
[EventDate "2005.12.03"]

1.e4 c5 2.Nf3 d6 3.d4 cxd4 4.Nxd4 Nf6 5.Nc3 a6 6.Be2 e5 7.Nb3 Be6 8.Bg5 
Be7 9.O-O Nbd7 10.Kh1 b5 11.Bxf6 Nxf6 12.Bd3 O-O 13.Nd2 b4 14.Ne2 d5 15.
exd5 Bxd5 16.Ng3 Qc7 17.Re1 Rfe8 18.Qe2 Bc5 19.Nde4 Nxe4 20.Nxe4 Bd4 21.c3
bxc3 22.bxc3 Ba7 23.Ng5 h6 24.Ne4 f5 25.Ng3 e4 26.Bxa6 f4 27.Nxe4 Rxe4 28.
Qd3 Rxe1+ 29.Rxe1 Rd8 30.Qg6 Qc6 31.Qxc6 Bxc6 32.Bc4+ Kf8 33.f3 Be3 34.Be6
Ba4 35.Bb3 Bxb3 36.axb3 Rd3 37.b4 Rxc3 38.Rb1 Rc1+ 0-1

[Event "I Open Olimpico A"]
[Site "Torino ITA"]
[Date "2005.12.04"]
[Round "2"]
[White "Sellitti, Federico"]
[Black "Ragni, Paolo"]
[Result "1-0"]
[WhiteElo "2143"]
[BlackElo "2159"]
[PlyCount "81"]
[EventDate "2005.12.03"]

1.e4 e5 2.Nf3 Nc6 3.Bb5 a6 4.Ba4 Nf6 5.O-O d6 6.Re1 Bd7 7.c3 g6 8.d3 Bg7 
9.Nbd2 O-O 10.Nf1 Qe7 11.Ng3 Rad8 12.h3 Rfe8 13.d4 h6 14.a3 Kh7 15.Bb3 Qf8
16.Qd3 Re7 17.Nh4 Ng8 18.Be3 Bf6 19.Nf3 Rde8 20.Nh2 Qg7 21.Rad1 h5 22.Nf3 
h4 23.Nf1 g5 24.N1h2 Nh6 25.Qd2 Rg8 26.Kf1 Qg6 27.Ke2 Na5 28.Bc2 Bb5+ 29.
Bd3 Qxe4 30.c4 Bxc4 31.Qxa5 Bxd3+ 32.Rxd3 exd4 33.Nxd4 c5 34.Ndf3 Rge8 35.
Qd2 d5 36.Kf1 c4 37.Rd4 Qf5 38.Nxg5+ Kg6 39.Nhf3 Bxg5 40.Bxg5 Rxe1+ 41.
Qxe1 1-0

[Event "I Open Olimpico A"]
[Site "Torino ITA"]
[Date "2005.12.04"]
[Round "2"]
[White "Sorcinelli, Francesco"]
[Black "Catana, Costel"]
[Result "1-0"]
[WhiteElo "2071"]
[BlackElo "2095"]
[PlyCount "75"]
[EventDate "2005.12.03"]

1.e4 c5 2.Nf3 d6 3.d4 cxd4 4.Nxd4 Nf6 5.Nc3 g6 6.Be3 Bg7 7.f3 a6 8.Qd2 Nc6
9.O-O-O Nxd4 10.Bxd4 O-O 11.Nd5 Nxd5 12.Bxg7 Kxg7 13.exd5 e6 14.dxe6 Bxe6 
15.Kb1 h5 16.h4 Rc8 17.g4 Rh8 18.g5 Re8 19.Bd3 Rc5 20.Rhe1 Qc7 21.Be4 d5 
22.Qd4+ Kh7 23.Bd3 Rc8 24.Qf6 Rc6 25.Qe5 Qa5 26.f4 Bg4 27.f5 Bxd1 28.fxg6+
fxg6 29.Rxd1 Qc7 30.Qe2 Qd6 31.Qxh5+ Kg8 32.Qg4 Qh2 33.Bxg6 Rf8 34.Qh5 Qc7
35.Bd3 Rc8 36.g6 Rd6 37.Rf1 Rf8 38.Rxf8+ 1-0

[Event "I Open Olimpico A"]
[Site "Torino ITA"]
[Date "2005.12.04"]
[Round "3"]
[White "Astengo, Marcello"]
[Black "Giusiano, Marco"]
[Result "1-0"]
[WhiteElo "2077"]
[BlackElo "2038"]
[PlyCount "85"]
[EventDate "2005.12.03"]

1.d4 Nf6 2.c4 e6 3.Nc3 Bb4 4.f3 O-O 5.e4 d5 6.e5 Nfd7 7.f4 c5 8.Nf3 Nc6 9.
Be3 dxc4 10.dxc5 Qa5 11.Qc2 Nxc5 12.Bxc4 b5 13.Be2 Bb7 14.O-O Rfd8 15.Nxb5
Na6 16.a3 Bc5 17.Bxc5 Nxc5 18.Qxc5 Rd5 19.b4 Rxc5 20.bxa5 Nxa5 21.Nd6 Bd5 
22.Rac1 Nb3 23.Rxc5 Nxc5 24.Rc1 Ne4 25.Rc8+ Rxc8 26.Nxc8 Kf8 27.Nxa7 Nc3 
28.Kf2 Ke7 29.Nb5 Nxe2 30.Kxe2 Bc4+ 31.Ke3 Bxb5 32.Kd4 f6 33.Kc5 Bf1 34.g3
Bg2 35.Nd4 Kd7 36.a4 Bd5 37.exf6 gxf6 38.f5 Ba2 39.fxe6+ Bxe6 40.Nxe6 Kxe6
41.a5 Kf5 42.a6 Kg4 43.a7 1-0

[Event "I Open Olimpico A"]
[Site "Torino ITA"]
[Date "2005.12.04"]
[Round "3"]
[White "Bjarnason, Oskar"]
[Black "Sellitti, Federico"]
[Result "1/2-1/2"]
[WhiteElo "2258"]
[BlackElo "2143"]
[PlyCount "23"]
[EventDate "2005.12.03"]

1.e4 c5 2.c3 d6 3.d4 Nf6 4.dxc5 Nc6 5.f3 d5 6.exd5 Qxd5 7.Qxd5 Nxd5 8.Bc4 
e6 9.Bxd5 exd5 10.Be3 Ne5 11.b3 Nd3+ 12.Kd2 1/2-1/2

[Event "I Open Olimpico A"]
[Site "Torino ITA"]
[Date "2005.12.04"]
[Round "3"]
[White "Castaldo, Folco"]
[Black "Ranieri, Fabrizio"]
[Result "1-0"]
[WhiteElo "2363"]
[BlackElo "2247"]
[PlyCount "99"]
[EventDate "2005.12.03"]

1.Nf3 e6 2.c4 d5 3.d4 Nf6 4.g3 Be7 5.Bg2 O-O 6.O-O c6 7.Qc2 Nbd7 8.b3 b6 
9.Rd1 Ba6 10.a4 Bb4 11.Nbd2 Rc8 12.e4 c5 13.exd5 exd5 14.Bb2 cxd4 15.Nxd4 
Qc7 16.Nb5 Qb8 17.Qf5 dxc4 18.Ne4 Bb7 19.Nxf6+ Nxf6 20.Be5 Rc5 21.Bxb8 
Rxf5 22.Bd6 Bxd6 23.Nxd6 Bxg2 24.Nxf5 Bf3 25.Re1 cxb3 26.Rab1 g6 27.Rxb3 
Be4 28.Nd6 Bc2 29.Rb4 Rd8 30.Rc1 Bxa4 31.Rxa4 Rxd6 32.Rxa7 Nd5 33.Rd1 Kg7 
34.Rd3 g5 35.Ra4 Kf6 36.Rf3+ Ke7 37.Ra7+ Ke6 38.Rfxf7 Nf6 39.h3 h5 40.
Rae7+ Kf5 41.Re3 Kg6 42.Rb7 h4 43.gxh4 gxh4 44.Kg2 Nd5 45.Re4 Kf5 46.Kf3 
Rc6 47.Rf7+ Kg6 48.Rf8 Rc3+ 49.Kg2 Nf6 50.Re6 1-0

[Event "I Open Olimpico A"]
[Site "Torino ITA"]
[Date "2005.12.04"]
[Round "3"]
[White "D'Ingiullo, Roberto"]
[Black "Giacometto, Mario"]
[Result "1-0"]
[WhiteElo "2119"]
[BlackElo "1992"]
[PlyCount "75"]
[EventDate "2005.12.03"]

1.e4 Nf6 2.Nc3 d6 3.d4 g6 4.Nf3 Bg7 5.Be2 O-O 6.O-O c6 7.a4 Bg4 8.h3 Bxf3 
9.Bxf3 e5 10.Be3 Na6 11.Ne2 Qe7 12.Ng3 Rfe8 13.c3 Nc7 14.Qd2 Rad8 15.Rfe1 
h5 16.Bg5 Qf8 17.d5 c5 18.Be2 a6 19.b4 b6 20.bxc5 bxc5 21.Rab1 Rb8 22.Bd3 
Nd7 23.Qe2 f6 24.Bd2 Rxb1 25.Rxb1 Rb8 26.Rxb8 Qxb8 27.Bxa6 Qb1+ 28.Nf1 Qc2
29.Bb5 Nb6 30.a5 Na4 31.Qd3 Qd1 32.c4 Nb2 33.Qc3 Qb1 34.a6 Nd1 35.Qa5 Nxa6
36.Qxa6 Qxe4 37.Qxd6 Bf8 38.Qxc5 1-0

[Event "I Open Olimpico A"]
[Site "Torino ITA"]
[Date "2005.12.04"]
[Round "3"]
[White "Fuggetta, Leonardo"]
[Black "Faraoni, Enrico"]
[Result "1/2-1/2"]
[WhiteElo "2068"]
[BlackElo "2157"]
[PlyCount "50"]
[EventDate "2005.12.03"]

1.c4 e5 2.g3 Bc5 3.Bg2 Nf6 4.Nc3 O-O 5.e3 Re8 6.d3 c6 7.Nge2 d5 8.O-O dxc4
9.dxc4 Qe7 10.Qc2 e4 11.Bd2 Bf5 12.Nd4 Bg6 13.Nce2 Bxd4 14.Nxd4 Nbd7 15.
Ne2 Ne5 16.Bc3 Nf3+ 17.Kh1 Ng4 18.h3 Qg5 19.Nf4 Re6 20.Qe2 Rae8 21.Nxg6 
Rxg6 22.Bxf3 exf3 23.Qxf3 Rh6 24.Kg2 Rxh3 25.Rh1 Rxh1 1/2-1/2

[Event "I Open Olimpico A"]
[Site "Torino ITA"]
[Date "2005.12.04"]
[Round "3"]
[White "Malano, Francesco"]
[Black "Boetto, Massimo"]
[Result "0-1"]
[WhiteElo "2037"]
[BlackElo "2000"]
[PlyCount "62"]
[EventDate "2005.12.03"]

1.Nf3 Nf6 2.d4 g6 3.b3 Bg7 4.c4 O-O 5.Bb2 d6 6.g3 c6 7.Bg2 a6 8.a4 a5 9.
O-O Na6 10.Nc3 Nb4 11.e4 Qb6 12.h3 Ne8 13.Bc1 Nc7 14.Be3 Ne6 15.Rb1 f5 16.
Qd2 c5 17.dxc5 dxc5 18.Nd5 Nxd5 19.exd5 Nd4 20.Rfd1 f4 21.Bxd4 cxd4 22.g4 
h5 23.Nxd4 hxg4 24.hxg4 f3 25.Bh3 Be5 26.Qd3 Qf6 27.Qe4 Ra6 28.Rd3 Bxd4 
29.Qxd4 Qh4 30.Kh2 g5 31.Re1 Rh6 0-1

[Event "I Open Olimpico A"]
[Site "Torino ITA"]
[Date "2005.12.04"]
[Round "3"]
[White "Pulito, Alberto"]
[Black "Gussone, Claudio"]
[Result "1-0"]
[WhiteElo "2222"]
[BlackElo "1885"]
[PlyCount "55"]
[EventDate "2005.12.03"]

1.e4 d6 2.d4 Nf6 3.Nc3 g6 4.f3 Bg7 5.Be3 O-O 6.Qd2 e5 7.Nge2 Nc6 8.O-O-O 
a6 9.d5 Ne7 10.Bh6 Nd7 11.g4 b5 12.h4 Bxh6 13.Qxh6 f6 14.Ng3 Rf7 15.Bd3 
Nb6 16.Rdg1 Kh8 17.Qd2 Rb8 18.g5 f5 19.h5 f4 20.hxg6 Nxg6 21.Nf5 Nc4 22.
Qh2 Qf8 23.Qh5 Rg7 24.Rh2 Ne3 25.Nxg7 Qxg7 26.Rgh1 Bd7 27.Qxh7+ Qxh7 28.
Rxh7+ 1-0

[Event "I Open Olimpico A"]
[Site "Torino ITA"]
[Date "2005.12.04"]
[Round "3"]
[White "Ragni, Paolo"]
[Black "Ferretti, Carlo"]
[Result "1/2-1/2"]
[WhiteElo "2159"]
[BlackElo "2030"]
[PlyCount "28"]
[EventDate "2005.12.03"]

1.Nf3 Nf6 2.g3 g6 3.b4 Bg7 4.Bb2 d6 5.Bg2 O-O 6.O-O e5 7.d3 Nbd7 8.Nbd2 
Rb8 9.e4 Re8 10.Re1 b6 11.Nc4 Bb7 12.a3 h6 13.h3 Kh7 14.Kh2 Kg8 1/2-1/2

[Event "I Open Olimpico A"]
[Site "Torino ITA"]
[Date "2005.12.04"]
[Round "3"]
[White "Sola, Giuseppe"]
[Black "Dragojlovic, Andjelko"]
[Result "0-1"]
[WhiteElo "1902"]
[BlackElo "2309"]
[PlyCount "110"]
[EventDate "2005.12.03"]

1.d4 Nf6 2.c4 g6 3.Nc3 d5 4.cxd5 Nxd5 5.e4 Nxc3 6.bxc3 Bg7 7.Bc4 c5 8.Ne2 
O-O 9.Be3 Nc6 10.O-O Qc7 11.Rc1 Rd8 12.Qd2 a6 13.f4 b5 14.Bb3 e6 15.g4 c4 
16.Bc2 f5 17.gxf5 exf5 18.exf5 gxf5 19.Ng3 Ne7 20.Nh5 Bb7 21.Bd1 Rd6 22.
Bf3 Rg6+ 23.Kh1 Bxf3+ 24.Rxf3 Qc6 25.Qf2 Nd5 26.Bd2 Re8 27.Rg1 Nf6 28.Rxg6
hxg6 29.Nxf6+ Bxf6 30.Qg2 Kf7 31.Re3 Qxg2+ 32.Kxg2 Rb8 33.Re1 a5 34.Rc1 
Ke6 35.Kf3 Rh8 36.Kg3 Be7 37.Re1+ Kd7 38.Re5 Rb8 39.Kf3 Bd6 40.Re2 b4 41.
cxb4 axb4 42.Rg2 Ra8 43.Bc1 Kc6 44.Be3 Kd5 45.h4 Be7 46.Rxg6 Rxa2 47.Rb6 
c3 48.h5 c2 49.Bd2 Ra3+ 50.Ke2 Rh3 51.Rb7 Bd6 52.Rb5+ Kxd4 53.Rxf5 b3 54.
Rb5 Rh2+ 55.Ke1 Rxd2 0-1

[Event "I Open Olimpico A"]
[Site "Torino ITA"]
[Date "2005.12.04"]
[Round "3"]
[White "Sorcinelli, Francesco"]
[Black "Racioppo, Paolo"]
[Result "1-0"]
[WhiteElo "2071"]
[BlackElo "2188"]
[PlyCount "119"]
[EventDate "2005.12.03"]

1.e4 c5 2.Nf3 a6 3.c4 d6 4.d4 Bg4 5.d5 e5 6.Nc3 Nf6 7.Be2 Nbd7 8.Nd2 Bxe2 
9.Qxe2 Be7 10.O-O O-O 11.g3 Re8 12.f4 exf4 13.gxf4 Bf8 14.Qf3 Rb8 15.a4 
Qa5 16.Ra3 Kh8 17.Kh1 Qd8 18.b3 g6 19.Bb2 Bg7 20.Raa1 Nh5 21.Rae1 b6 22.
Nd1 Bxb2 23.Nxb2 Qf6 24.Nd3 Qc3 25.Re2 Re7 26.e5 Rbe8 27.Ne4 Qxb3 28.Nxd6 
Rf8 29.f5 f6 30.e6 Qxa4 31.fxg6 hxg6 32.exd7 Rxe2 33.Qxe2 Qxd7 34.Qe6 Qh7 
35.Rf3 a5 36.Nb5 a4 37.Qxb6 g5 38.Qxc5 Rg8 39.Qd4 g4 40.Re3 Qf5 41.Kg2 a3 
42.Nxa3 Ra8 43.Qb2 Qg5 44.Nc2 g3 45.h3 Nf4+ 46.Nxf4 Qxf4 47.Re2 Qxc4 48.
Qxf6+ Kg8 49.Qg6+ Kf8 50.Qf5+ Kg8 51.Qg4+ Qxg4 52.hxg4 Kf7 53.Kxg3 Ra5 54.
Ne3 Kf6 55.Rf2+ Ke7 56.g5 Ra3 57.Rf3 Ra8 58.g6 Ra1 59.Kg4 Ra4+ 60.Kg5 1-0

[Event "I Open Olimpico A"]
[Site "Torino ITA"]
[Date "2005.12.04"]
[Round "3"]
[White "Spatola, Davide"]
[Black "Gallucci, Alessio"]
[Result "0-1"]
[WhiteElo "2102"]
[BlackElo "1742"]
[PlyCount "109"]
[EventDate "2005.12.03"]

1.d4 c5 2.c3 g6 3.Nf3 Bg7 4.d5 Nf6 5.Bg5 d6 6.Bxf6 Bxf6 7.a4 O-O 8.g3 Bd7 
9.Bg2 b5 10.axb5 Bxb5 11.Na3 Qb6 12.O-O Nd7 13.Nd2 Rfb8 14.Rb1 a5 15.Ne4 
Bg7 16.c4 Ba6 17.Nc3 Nf6 18.h3 Ne8 19.Qd3 Nc7 20.Kh2 Qb3 21.Rfc1 Rb4 22.
Qe3 Kf8 23.Be4 Bxc3 24.Rxc3 Qa4 25.Bc2 Qe8 26.Qh6+ Kg8 27.h4 Qf8 28.Qf4 
Rab8 29.Qc1 R8b6 30.b3 Bc8 31.e4 e5 32.Bd1 f5 33.Rf3 Qg7 34.Nc2 fxe4 35.
Re3 Na6 36.Nxb4 Nxb4 37.Bc2 Qf6 38.Kg2 Bg4 39.Bxe4 Rb8 40.Qd2 Rf8 41.Ra1 
g5 42.hxg5 Qxg5 43.Qe1 Rf6 44.Rxa5 Rh6 45.Ra8+ Kg7 46.f3 Bh3+ 47.Kg1 Bf5 
48.Qf2 Qh5 49.Ra7+ Kf6 50.Qg2 Qg5 51.Qf2 Qh5 52.Kf1 Qh1+ 53.Qg1 Qh3+ 54.
Qg2 Qh5 55.g4 0-1

[Event "I Open Olimpico A"]
[Site "Torino ITA"]
[Date "2005.12.04"]
[Round "3"]
[White "Vozza, Nicola"]
[Black "Catana, Costel"]
[Result "0-1"]
[WhiteElo "1994"]
[BlackElo "2095"]
[PlyCount "110"]
[EventDate "2005.12.03"]

1.d4 Nf6 2.Bg5 Ne4 3.Bf4 d6 4.f3 Nf6 5.e4 g6 6.Nc3 Bg7 7.Qd2 O-O 8.g4 Nc6 
9.O-O-O Qe8 10.Bh6 e5 11.Bxg7 Kxg7 12.d5 Nd4 13.h4 h5 14.gxh5 Nxh5 15.Nce2
Nxe2+ 16.Nxe2 Rh8 17.Bh3 Qe7 18.Rdg1 Qf6 19.Bg4 b6 20.c4 a5 21.a4 Rh7 22.
Kc2 Rb8 23.b3 Ra8 24.Bxh5 Rxh5 25.Ng3 Rh6 26.h5 Qxf3 27.Qxh6+ Kxh6 28.
hxg6+ Kg7 29.Nh5+ Kg8 30.g7 Qxe4+ 31.Kb2 Qd4+ 32.Ka3 Qc5+ 33.Kb2 Qf2+ 34.
Ka3 Bh3 35.Rg3 Qc5+ 36.Ka2 Qf2+ 37.Ka3 Qxg3 38.Nxg3 Bc8 39.Nh5 Bf5 40.Ng3 
Bh7 41.Nh5 Bg6 42.Ng3 Kxg7 43.Ne2 Rh8 44.Rg1 f5 45.Nc3 Kf6 46.Nb5 Rh7 47.
Kb2 f4 48.Kc3 Kf5 49.Kd3 e4+ 50.Ke2 Rh2+ 51.Kf1 f3 52.Nd4+ Kf6 53.Rg3 Bh5 
54.Kg1 Rd2 55.Nb5 e3 0-1

[Event "I Open Olimpico A"]
[Site "Torino ITA"]
[Date "2005.12.05"]
[Round "4"]
[White "Boetto, Massimo"]
[Black "Bjarnason, Oskar"]
[Result "1/2-1/2"]
[WhiteElo "2000"]
[BlackElo "2258"]
[PlyCount "63"]
[EventDate "2005.12.03"]

1.e4 d5 2.exd5 Qxd5 3.Nc3 Qa5 4.d4 Nf6 5.Bc4 Nc6 6.Nf3 Bg4 7.Bb5 O-O-O 8.
Bxc6 bxc6 9.Qd3 Bxf3 10.Qxf3 Kb7 11.b4 Qh5 12.Qxh5 Nxh5 13.Be3 e6 14.Ke2 
Nf6 15.Na4 Rb8 16.a3 Nd5 17.c4 Nb6 18.Nb2 Kc8 19.c5 Nd5 20.Nc4 f6 21.g4 h5
22.g5 f5 23.f4 g6 24.Ne5 Ne7 25.Nc4 Bg7 26.Rhd1 Nd5 27.Rd3 Kd7 28.Kf3 Rb5 
29.Rb1 Rhb8 30.Rdb3 R5b7 31.Na5 Rb5 32.Nc4 1/2-1/2

[Event "I Open Olimpico A"]
[Site "Torino ITA"]
[Date "2005.12.05"]
[Round "4"]
[White "Catana, Costel"]
[Black "Ferretti, Carlo"]
[Result "1-0"]
[WhiteElo "2095"]
[BlackElo "2030"]
[PlyCount "73"]
[EventDate "2005.12.03"]

1.e4 e5 2.Nf3 Nf6 3.Nc3 Bb4 4.d3 Nc6 5.Bd2 O-O 6.a3 Be7 7.Be2 d5 8.exd5 
Nxd5 9.O-O Be6 10.Re1 f6 11.Nxd5 Qxd5 12.Bc3 Rad8 13.Qd2 Qd7 14.Bf1 Bg4 
15.Be2 Bc5 16.Rad1 a6 17.Qc1 Qc8 18.Bd2 Nd4 19.Nxd4 Bxd4 20.Be3 Bf5 21.Bf3
Bxe3 22.Qxe3 c5 23.Be4 b6 24.Re2 Bxe4 25.Qxe4 Rd4 26.Qe3 Rfd8 27.Red2 Qd7 
28.c3 Rd6 29.f3 Qa4 30.Qe4 Qd7 31.Qc4+ Kf8 32.Qxa6 b5 33.Qa5 Qc6 34.c4 
bxc4 35.dxc4 Rd4 36.Rxd4 exd4 37.Qxd8+ 1-0

[Event "I Open Olimpico A"]
[Site "Torino ITA"]
[Date "2005.12.05"]
[Round "4"]
[White "Dragojlovic, Andjelko"]
[Black "Castaldo, Folco"]
[Result "1/2-1/2"]
[WhiteElo "2309"]
[BlackElo "2363"]
[PlyCount "46"]
[EventDate "2005.12.03"]

1.e4 e6 2.Qe2 Nf6 3.e5 Nd5 4.Nc3 c5 5.Nxd5 exd5 6.Qf3 d4 7.Bc4 Qe7 8.Qe2 
Nc6 9.Nf3 d6 10.Bb5 Bd7 11.O-O O-O-O 12.exd6 Qxd6 13.d3 Re8 14.Qd2 h6 15.
Re1 g5 16.Rxe8+ Bxe8 17.Qe1 Bg7 18.Nd2 Bd7 19.Nc4 Qc7 20.Bd2 Re8 21.Qf1 a6
22.Bxc6 Qxc6 23.a4 Be6 1/2-1/2

[Event "I Open Olimpico A"]
[Site "Torino ITA"]
[Date "2005.12.05"]
[Round "4"]
[White "Faraoni, Enrico"]
[Black "Astengo, Marcello"]
[Result "0-1"]
[WhiteElo "2157"]
[BlackElo "2077"]
[PlyCount "70"]
[EventDate "2005.12.03"]

1.e4 e6 2.d3 d5 3.Qe2 Ne7 4.Nf3 c5 5.g3 Nbc6 6.Bg2 g6 7.h4 h6 8.O-O Bg7 9.
e5 Nf5 10.c3 O-O 11.Re1 b6 12.Bf4 Bb7 13.Nbd2 Rc8 14.Nf1 Kh7 15.N1h2 b5 
16.Ng4 d4 17.Qd2 Qe7 18.Re4 Rfd8 19.h5 gxh5 20.Nf6+ Bxf6 21.exf6 Qxf6 22.
Rae1 dxc3 23.bxc3 b4 24.cxb4 Nxb4 25.Rxb4 cxb4 26.Ne5 Bxg2 27.Kxg2 Qe7 28.
Rh1 f6 29.Rxh5 fxe5 30.Bxh6 Kg6 31.Rg5+ Kf7 32.Qd1 Qb7+ 33.Kg1 Rh8 34.Qh5+
Ke7 35.Rxf5 exf5 0-1

[Event "I Open Olimpico A"]
[Site "Torino ITA"]
[Date "2005.12.05"]
[Round "4"]
[White "Fortino, Fabrizio"]
[Black "Forno, Roberto"]
[Result "1-0"]
[WhiteElo "1995"]
[BlackElo "2026"]
[PlyCount "43"]
[EventDate "2005.12.03"]

1.e4 e5 2.d4 exd4 3.Qxd4 Nc6 4.Qe3 Nf6 5.Nc3 Bb4 6.Bd2 O-O 7.O-O-O Re8 8.
Qg3 d6 9.f4 a5 10.Bd3 Be6 11.a3 Bc5 12.f5 Bd7 13.Nf3 b5 14.Bg5 Nd4 15.Nd5 
Nxe4 16.Bxd8 Nxg3 17.hxg3 Raxd8 18.f6 Ne2+ 19.Kb1 Nxg3 20.Rxh7 g6 21.Rg7+ 
Kf8 22.Ng5 1-0

[Event "I Open Olimpico A"]
[Site "Torino ITA"]
[Date "2005.12.05"]
[Round "4"]
[White "Fuggetta, Leonardo"]
[Black "Pepino, Enrico"]
[Result "0-1"]
[WhiteElo "2068"]
[BlackElo "2149"]
[PlyCount "98"]
[EventDate "2005.12.03"]

1.c4 g6 2.g3 Bg7 3.Bg2 d6 4.Nc3 e5 5.e4 Nc6 6.Nge2 Nge7 7.d3 O-O 8.O-O Be6
9.Nd5 Rb8 10.Rb1 f5 11.f3 a5 12.Nec3 Bd7 13.a3 Nxd5 14.Nxd5 Nd4 15.b4 c6 
16.Nc3 axb4 17.axb4 f4 18.Ne2 h5 19.Nxd4 exd4 20.gxf4 Kh7 21.Kh1 Bh6 22.f5
gxf5 23.Bxh6 Kxh6 24.Bh3 Qh4 25.Bxf5 Bxf5 26.exf5 Rxf5 27.Qd2+ Qf4 28.
Qxf4+ Rxf4 29.Rbe1 Kg6 30.Re6+ Rf6 31.Rfe1 b5 32.cxb5 Rxb5 33.Rxf6+ Kxf6 
34.Rc1 Rxb4 35.Rxc6 Ke5 36.f4+ Kxf4 37.Rxd6 Kf3 38.Rf6+ Ke2 39.Rf5 h4 40.
Rh5 h3 41.Re5+ Kxd3 42.Kg1 Rb2 43.Rh5 Ke2 44.Rxh3 d3 45.Rh8 Rb1+ 46.Kg2 d2
47.Rd8 d1=Q 48.Rxd1 Rxd1 49.Kg3 Ke3 0-1

[Event "I Open Olimpico A"]
[Site "Torino ITA"]
[Date "2005.12.05"]
[Round "4"]
[White "Gallucci, Alessio"]
[Black "Pulito, Alberto"]
[Result "0-1"]
[WhiteElo "1742"]
[BlackElo "2222"]
[PlyCount "70"]
[EventDate "2005.12.03"]

1.e4 e6 2.d4 d5 3.Nc3 Bb4 4.e5 c5 5.a3 Bxc3+ 6.bxc3 Qc7 7.Qg4 Ne7 8.Qxg7 
Rg8 9.Qxh7 cxd4 10.Qd3 Qxe5+ 11.Ne2 dxc3 12.Bf4 Qf5 13.g3 Nbc6 14.Nxc3 e5 
15.Qxf5 Bxf5 16.Bd2 Bxc2 17.Rc1 Bf5 18.Nb5 Kd7 19.Bg2 Bd3 20.Nc3 e4 21.Bf1
Nd4 22.Bf4 Nf3+ 23.Kd1 Bxf1 24.Rxf1 Nxh2 25.Rh1 Ng4 26.Ke2 Rac8 27.Rh7 Ke6
28.f3 Nf6 29.Rh6 Ng6 30.Be3 exf3+ 31.Kxf3 Ne5+ 32.Ke2 Ng4 33.Rhh1 Nxe3 34.
Kxe3 Rxg3+ 35.Kd2 Rcxc3 0-1